Historia de México: legado histórico y pasado reciente /
Obra que plantea el desarrollo histórico de México, desde la antiguedad hasta los primeros años del siglo XXI. La autora destaca los acontecimiento relevantes de esta historia tales como la época prehispánica, la conquista española, la Guerra de Independencia, la formación y consolidación del Estado...
Salvato in:
| Autore principale: | |
|---|---|
| Natura: | Libro |
| Lingua: | spagnolo |
| Pubblicazione: |
México :
Pearson,
2008, c2008
|
| Edizione: | 2a edición |
| Soggetti: | |
| Tags: |
Nessun Tag, puoi essere il primo ad aggiungerne!!
|
MARC
| LEADER | 00000nam^a2200000^a^4500 | ||
|---|---|---|---|
| 001 | 000318749 | ||
| 005 | 20250521000000.0 | ||
| 009 | 20260310113422.677 | ||
| 020 | |a 978-970-26-1274-2 | ||
| 037 | |a Acervo ITESO - Biblioteca | ||
| 041 | |a ESP | ||
| 082 | |a 972. |b DEL | ||
| 100 | |a Delgado de Cantú, Gloria M. |e (autor) | ||
| 245 | 1 | 0 | |a Historia de México: |b legado histórico y pasado reciente / |c G.M. Delgado de Cantú. |
| 250 | |a 2a edición | ||
| 264 | 4 | |a México : |b Pearson, |c 2008, c2008 | |
| 300 | |a XIX, 615 p. | ||
| 336 | |a texto |b txt |2 rdacontenido | ||
| 337 | |a sin mediación |b n |2 rdamedio | ||
| 338 | |a volumen |b nc |2 rdasoporte | ||
| 520 | |a Obra que plantea el desarrollo histórico de México, desde la antiguedad hasta los primeros años del siglo XXI. La autora destaca los acontecimiento relevantes de esta historia tales como la época prehispánica, la conquista española, la Guerra de Independencia, la formación y consolidación del Estado, el regimen porfirista y la Revolución, la reconstrucción nacional, las políticas del desarrollo y el neoliberalismo, la democracia y el gobierno foxista. Sus planteamientos los acompaña con recursos didácticos. | ||
| 649 | |a XX | ||
| 650 | |a México - |x Historia - |y Epoca Prehispánica | ||
| 650 | |a México - |x Historia - |y Epoca Colonial, 1517-1821 | ||
| 650 | |a México - |x Historia - |y Guerra de Independencia, 1810-1821 | ||
| 650 | |a México - |x Historia - |y Revolución, 1910-1917 | ||
| 650 | |a México - |x Historia - |y Siglo XIX | ||
| 650 | |a México - |x Historia - |y Siglo XX | ||
| 650 | |a México - |x Historia - |x Tema Principal | ||
| 910 | |a Fondo General | ||
| 920 | |a Impresos - Libros | ||
| 930 | |a Colección General | ||
| 905 | |a 101 | ||
| 901 | |a 0500205981 |b IT1 |c ACC |i D55974 |u 20250521 | ||
| 902 | |a https://opac.biblio.iteso.mx/vufind/Record/000318749 | ||